| 000 | 00691nam a2200241Ia 4500 | ||
|---|---|---|---|
| 005 | 20250425162114.0 | ||
| 008 | 250425s9999 xx 000 0 und d | ||
| 020 | _a0750641339 | ||
| 041 | _aeng | ||
| 082 |
_a623.81 _pSCH |
||
| 100 | _aSchneekluth, H. | ||
| 245 | 0 |
_aShip Design For Efficiency And Economy _cH. Schneekluth; V. Bertram |
|
| 250 | _aSecond Edition | ||
| 260 |
_aOxford _bBUTTERWORTH HEINEMANN _c1998 |
||
| 300 |
_a220 p. _bGráficos _c24 cm. |
||
| 500 | _aContenido, apéndice, índice | ||
| 504 | _aReferencia bibliográfica | ||
| 650 | _aArquitectura Naval | ||
| 650 | _aConstrucción Naval | ||
| 700 |
_aBertram, V. _eCoautor |
||
| 942 | _c01 | ||
| 010 | _a50521 | ||
| 999 |
_c222435 _d222435 |
||